000 00478nam a2200145 4500
008 151009b xxu||||| |||| 00| 0 eng d
020 _a0060838574
050 _a SPE PR 6052 .B57 2007
100 _aBird, Anne.
_d2005.
245 _aBlood brother:
_b33 Reasons my brother Scott Peterson is guilty.
_cAnne Bird.
260 _aUSA:
_bRegan books,
_c2005.
300 _a214 p.
650 _aEnglish fiction.
942 _2lcc
_cSH_L_BOOKS
_h SPE PR 6052 .B57 2007
_01
999 _c8224
_d8224